Totems and teachers : (Record no. 8251)

MARC details
000 -LEADER
fixed length control field 00485nam a22001457a 4500
008 - FIXED-LENGTH DATA ELEMENTS--GENERAL INFORMATION
fixed length control field 190813b ||||| |||| 00| 0 eng d
020 ## - INTERNATIONAL STANDARD BOOK NUMBER
International Standard Book Number 0231050860
082 ## - DEWEY DECIMAL CLASSIFICATION NUMBER
Classification number 301.09 SIL
245 ## - TITLE STATEMENT
Title Totems and teachers :
Remainder of title Perspectives on the history of anthropology
260 ## - PUBLICATION, DISTRIBUTION, ETC.
Place of publication, distribution, etc. New York :
Name of publisher, distributor, etc. Columbia University Press,
Date of publication, distribution, etc. 1981.
300 ## - PHYSICAL DESCRIPTION
Extent xv, 322 p. ;
Dimensions 24 cm.
500 ## - GENERAL NOTE
General note Includes index.<br/>Bibliography: p. [299]-311.
650 ## - SUBJECT ADDED ENTRY--TOPICAL TERM
Topical term or geographic name entry element Anthropology--History. Anthropologists.
942 ## - Added entry Elements (Koha)
Source of classification or shelving scheme Dewey Decimal Classification
Holdings
Withdrawn status Lost status Source of classification or shelving scheme Damaged status Not for loan Collection code Home library Current library Shelving location Date acquired Serial Enumeration / chronology Total Checkouts Full call number Barcode Date last seen Date last checked out Price effective from Koha item type
    Dewey Decimal Classification     Main TEST RTC Library RTC Library Main opac 13/08/2019 14219 1 301.09 SIL 30014818 12/01/2022 13/08/2019 13/08/2019 Main
Royal Thimphu College || All Right Reserved